LEADER 01044nam 2200337 450 001 9910130725903321 005 20231021000515.0 010 $a1-4577-1851-0 035 $a(CKB)3420000000000307 035 $a(NjHacI)993420000000000307 035 $a(EXLCZ)993420000000000307 100 $a20231021d2012 uy 0 101 0 $aeng 135 $aur||||||||||| 181 $ctxt$2rdacontent 182 $cc$2rdamedia 183 $acr$2rdacarrier 200 10$a2012 Proceedings Annual Reliability and Maintainability Symposium /$fIEEE 210 1$aPiscataway, NJ :$cIEEE,$d2012. 215 $a1 online resource $cillustrations 311 $a1-4577-1849-9 517 $aReliability and Maintainability Symposium 606 $aReliability (Engineering)$vCongresses 615 0$aReliability (Engineering) 676 $a620.0 801 0$bNjHacI 801 1$bNjHacl 906 $aPROCEEDING 912 $a9910130725903321 996 $a2012 Proceedings Annual Reliability and Maintainability Symposium$92495169 997 $aUNINA LEADER 01498oam 2200481zu 450 001 9911018972603321 005 20241023010542.0 010 $a1-118-66631-3 035 $a(CKB)3450000000004319 035 $a(SSID)ssj0000726648 035 $a(PQKBManifestationID)11432967 035 $a(PQKBTitleCode)TC0000726648 035 $a(PQKBWorkID)10684804 035 $a(PQKB)11124509 035 $a(PPN)177890932 035 $a(EXLCZ)993450000000004319 100 $a20160829d2006 uy 101 0 $aeng 181 $ctxt 182 $cc 183 $acr 200 00$aMagnetospheric ULF waves : synthesis and new directions 210 31$a[Place of publication not identified]$cAmerican Geophysical Union$d2006 225 0 $aGeophysical monograph series Magnetospheric ULF waves 300 $aBibliographic Level Mode of Issuance: Monograph 311 $a0-87590-434-3 606 $aMagnetohydrodynamic waves 606 $aMagnetohydrodynamic instabilities 606 $aParticle dynamics 606 $aMagnetosphere 606 $aMagnetospheric physics 615 0$aMagnetohydrodynamic waves. 615 0$aMagnetohydrodynamic instabilities. 615 0$aParticle dynamics. 615 0$aMagnetosphere. 615 0$aMagnetospheric physics. 676 $a538/.766 702 $aTakahashi$b K$g(Kazue), 801 0$bPQKB 906 $aBOOK 912 $a9911018972603321 996 $aMagnetospheric ULF waves : synthesis and new directions$92280179 997 $aUNINA